01046nam a22001097a 4500008004100000100004300041245007200084260002800156300003400184520069000218773002800908240514b ||||| |||| 00| 0 eng d aThakur, D., Dubey, N.P. and Singh, R.  aDrug-facilitated sexual assault (DFSA): An emerging crime in India  aIndian Police Journal  a69(4), Oct-Dec, 2024: p.51-58 a DFSA is the major crime among DFC or crimes against women in India. For several reasons described in this review, this offense has been overshadowed. Despite this, forensic science laboratories and social media report many instances. This article is structured to develop essential awareness of the crime and its pattern by identifying the ignorance concerning this risky scenario. The comprehensive strategy to removing the threat has received particular attention. Dissemination of the shortfalls and viable solutions in the scientific community can aid in eradicating the menace through collaborative efforts. Reproduced https://bprd.nic.in/uploads/pdf/October-December_2022.pdf  aIndian Police Journal